हिंदू धर्म के सोलह संस्कार / (Record no. 38451)
[ view plain ]
| 000 -LEADER | |
|---|---|
| fixed length control field | 01107nam a22002177a 4500 |
| 005 - DATE AND TIME OF LATEST TRANSACTION | |
| control field | 20100731151346.0 |
| 010 ## - LCCN (DPL NO) | |
| LC control number | HIN-89910 |
| 020 ## - INTERNATIONAL STANDARD BOOK NUMBER | |
| Terms of availability | 150.00 |
| International Standard Book Number | 8188266825 |
| 035 ## - SYSTEM CONTROL NUMBER | |
| System control number | HN-62256 |
| 037 ## - SOURCE OF ACQUISITION | |
| Source of stock number/acquisition | DBAD/PUB |
| 082 ## - DEWEY DECIMAL CLASSIFICATION NUMBER | |
| Classification number | 230.65 |
| 100 ## - MAIN ENTRY--PERSONAL NAME | |
| Personal name | शुक्ल, सच्चिदानंद |
| 245 ## - TITLE STATEMENT | |
| Title | हिंदू धर्म के सोलह संस्कार / |
| Statement of responsibility, etc | सच्चिदानंद शुक्ल |
| 246 ## - VARYING FORM OF TITLE | |
| Title proper/short title | Hindu Dharma Ke Solah Sanskar |
| Remainder of title | by Sachchidanand Shukla |
| 260 ## - PUBLICATION, DISTRIBUTION, ETC. (IMPRINT) | |
| Place of publication, distribution, etc | नई दिल्ली |
| Name of publisher, distributor, etc | प्रतिभा प्रतिष्ठान |
| Date of publication, distribution, etc | 2010 |
| 270 ## - ADDRESS | |
| Address | 1661, दखनीराय स्ट्रीट, नेताजी सुभाष मार्ग |
| City | नई दिल्ली |
| Postal code | 110002 |
| 300 ## - PHYSICAL DESCRIPTION | |
| Extent | 127पृ. |
| Dimensions | 22सेमी (सजिल्द) |
| Other physical details | सचित्र |
| 700 ## - ADDED ENTRY--PERSONAL NAME | |
| 9 (RLIN) | 1054 |
| 942 ## - ADDED ENTRY ELEMENTS (KOHA) | |
| Source of classification or shelving scheme | Dewey Decimal Classification |
| Item type | Hindi Books |
| Classification part | 230.65 |
| Call number suffix | शुक्लस |
| Withdrawn status | Lost status | Not for loan | Collection code | Home library | Current library | Date acquired | Source of acquisition | Cost, normal purchase price | Full call number | Barcode | Copy number | Cost, replacement price | Koha item type |
|---|---|---|---|---|---|---|---|---|---|---|---|---|---|
| Not For Loan | Non-fiction | D.B.Act.Division | D.B.Act.Division | 31/07/2010 | DBAD / PUB | 150.00 | 230.65 शुक्लस | HN-62256 | 1 | 150.00 | Hindi Books |
